Phương pháp luận nghiên cứu khoa học : Giáo trình dùng cho học viên cao học và nghiên cứu sinh /

Shranjeno v:
Bibliografske podrobnosti
Glavni avtor: Phạm Viết Vượng.
Format: Sách giấy
Jezik:Vietnamese
Izdano: H. : Đại học Quốc gia, 2004.
Izdaja:In lần thứ tư.
Teme:
Oznake: Označite
Brez oznak, prvi označite!
Thư viện lưu trữ: Thư viện Trường Đại học Đà Lạt
LEADER 00893nam a2200313 4500
001 DLU120133425
005 ##20120410
040 # # |a DLU  |b vie 
041 # # |a vie 
044 # # |a vn 
082 # # |a 001.4  |b PH-V 
100 # # |a Phạm Viết Vượng. 
245 # # |a Phương pháp luận nghiên cứu khoa học :  |b Giáo trình dùng cho học viên cao học và nghiên cứu sinh /  |c Phạm Viết Vượng. 
250 # # |a In lần thứ tư. 
260 # # |a H. :  |b Đại học Quốc gia,  |c 2004. 
300 # # |a 199 tr. ;  |c 21 cm. 
504 # # |a Tài liệu tham khảo chính: tr.195. 
650 # # |a Nghiên cứu  |x Phương pháp luận  |v Giáo trình 
923 # # |a 01/2012SP 
991 # # |a GT 
992 # # |a 16000 
994 # # |a KSP 
900 # # |a True 
911 # # |a Nguyễn Thanh Hương 
925 # # |a G 
926 # # |a A 
927 # # |a SH 
980 # # |a Thư viện Trường Đại học Đà Lạt